Missing Countries on a Map - I - Statistics

General Stats
  • This quiz has been taken 4,391 times
  • The average score is 70 of 77
Answers on the Map
Answers color-coded by a green-red scale on the quiz's map according to % correct below.
 
Answer Stats
Hint Answer % Correct
C Canada
100%
F France
99%
E Egypt
98%
G Germany
98%
P Paraguay
98%
K Kazakhstan
97%
N Norway
97%
P Panama
97%
P Poland
97%
S Sudan
97%
S Sweden
97%
U Uruguay
97%
V Venezuela
97%
C Chad
96%
H Hungary
96%
P Peru
96%
S South Sudan
96%
A Angola
95%
B Belarus
95%
D Denmark
95%
G Guatemala
95%
G Guyana
95%
H Honduras
95%
K Kenya
95%
P Portugal
95%
T Turkey
95%
B Botswana
94%
E Ecuador
94%
G Ghana
94%
N Nepal
94%
O Oman
94%
Y Yemen
94%
G Greece
93%
J Japan
93%
L Laos
93%
M Morocco
93%
B Bhutan
92%
C Cuba
92%
T Togo
92%
U Uganda
92%
C Cameroon
91%
K Kosovo
91%
M Moldova
91%
M Myanmar
91%
S Senegal
91%
B Bahamas
90%
J Jordan
90%
N Netherlands
90%
N New Zealand
90%
R Rwanda
90%
B Bangladesh
89%
G Gabon
89%
E El Salvador
88%
K Kyrgyzstan
88%
L Lesotho
88%
M Madagascar
88%
M Malta
88%
M Montenegro
88%
L Luxembourg
87%
N North Korea
87%
Q Qatar
87%
S South Korea
87%
C Comoros
86%
N Nauru
86%
P Palau
86%
T Tonga
86%
V Vanuatu
86%
A Andorra
85%
S Samoa
85%
T Tuvalu
85%
C Cyprus
84%
S Seychelles
84%
B Barbados
82%
M Monaco
82%
C Cape Verde
80%
G Grenada
79%
L Lebanon
77%
No matching quizzes found
Score Distribution
Percent of People with Each Score
Percentile by Number Answered
Your Score History
You have not taken this quiz